On the coefficients of the chromatic polynomial of a graph /
Saved in:
| Main Author: | |
|---|---|
| Format: | Thesis Book |
| Language: | English |
| Published: |
1970
|
| Subjects: | |
| Tags: |
Add Tag
No Tags, Be the first to tag this record!
|
| LEADER | 00766cam a2200265 4500 | ||
|---|---|---|---|
| 001 | u4665 | ||
| 003 | SIRSI | ||
| 008 | 871114s1970 us v 0 eng | ||
| 010 | |a 76289634 | ||
| 035 | |a AAA-5145 | ||
| 040 | |a UMM | ||
| 050 | 0 | |a QA166 | |
| 090 | 0 | 0 | |a QA166 |b Eis |
| 100 | 1 | 0 | |a Eisenberg, Bernard. |
| 245 | 1 | 0 | |a On the coefficients of the chromatic polynomial of a graph / |c by Bernard Eisenberg |
| 260 | |c 1970 | ||
| 300 | |a v, 108 leaves : |b ill. ; |c 28cm | ||
| 500 | |a ppz. | ||
| 502 | |a Thesis (Ph.D.) - Adelphi University, 1970 | ||
| 504 | 0 | 0 | |a Bibliography: leaves 106-108 |
| 650 | 0 | |a Graph theory. | |
| 650 | 0 | |a Polynomials. | |
| 948 | |a 15/03/1991 |b 12/08/2002 | ||
| 596 | |a 1 | ||
| 999 | |a QA166 EIS |w LC |c 1 |i A010333490 |l STACKS |m P01UTAMA |r Y |s Y |t TESIS |u 22/1/1992 | ||
